| 000 | 01480nam a2200301u 4500 | ||
|---|---|---|---|
| 005 | 00000000000000.0 | ||
| 008 | 810522s1962 nyua j 000 0 eng | ||
| 010 | _aB-345560-562 | ||
| 020 |
_a9780746062289 _c65.00 |
||
| 035 | _aB-345560-562 | ||
| 037 | _bTarun Books | ||
| 040 |
_adpl _bEnglish |
||
| 082 | _aS | ||
| 100 | _aFischel, Emma | ||
| 245 |
_aThe midnight ghosts / _cby Emma Fischel; edited by Katie Daynes illustrated by Adrienne Kern; adapted by Jane Bingham |
||
| 260 |
_aLondon _bUsborne Publishing _c2005 |
||
| 270 |
_aUsborne House, 83-85 Saffron Hill, _bLondon |
||
| 300 |
_a64p. _bill. _c20cm (pbk) |
||
| 490 |
_aUsborne young reading; edited by Lesley Sims _vseries two |
||
| 700 | _aDaynes, Katie | ||
| 700 | _aKern, Adrienne | ||
| 700 | _aBingham, Jane | ||
| 942 |
_2ddc _cCH _hS _mFIS |
||
| 999 |
_c21654 _d21654 |
||